IEPS Todo lo que debes saber /

Bibliographic Details
Main Author: Salgado Cota, Carlos Ivǹ
Format: eBook
Language:Spanish
Published: Ciudad de Mx̌ico: Tax Editores, 2020
Subjects:
Online Access:Acceso restringido

MARC

LEADER 00000nam a22000007a 4500
005 20201218124740.0
007 cr|||| ||||
008 201218s2020 mx |||||s|||| 00||0 spa d
020 |a 978-607-629-573-1 
035 |a 32259 
040 |a vLex 
090 |c 10999  |d 10999 
100 1 |a Salgado Cota, Carlos Ivǹ 
245 1 0 |a IEPS  |h [Recurso electrn̤ico] :  |b Todo lo que debes saber /  |c Carlos Ivǹ Salgado Cota 
256 |a Servicio en ln̕ea 
260 |a Ciudad de Mx̌ico:  |b Tax Editores,  |c 2020 
300 |a 1 recurso electrn̤ico 
506 1 |a Disponible solo en los productos indicados  |d vLex Global  |d vLex Global (Academic Edition, excluding Law Schools)  |d vLex Global (U.S. Academic Edition, Law Schools)  |d vLex Global (U.S. Academic Edition, excluding Law Schools)  |d vLex Global (Academic Edition, Law Schools) 
650 0 4 |a Derecho Tributario  |z Mx̌ico 
740 0 |a vLex Libros (Servicio en ln̕ea) 
856 4 0 |u http://vlex.com/source/ieps-todo-debes-saber-32259  |z Acceso restringido 
942 |c BOOK 
999 0 |a Tax Law